000 00333nab a22001097u 4500
008 130520b1991 xxu||||| |||| 00| 0 spa d
041 _aspa
100 1 _aRazafintsalama, A.
_967520
245 0 0 _aEl hombre malgache ante la enfermedad
_cA. Razafintsalama
773 0 _tConcilium
_gV.1,1991,págs.281-291
_x0210-1041
_wRev134
942 _cAR
999 _c355628
_d355628